Marketingový audit a jeho vplyv na výkonnosť podniku
Marketingový audit - forma nezávislého skúmania marketingovej výkonnosti podnikov, ktorej cieľom je určiť problémové oblasti a marketingové príležitosti a odporučiť plán opatrení na zlepšenie marketingovej výkonnosti firmy. Vplyv marketingového auditu podniku a ukazovatele výkonnosti. Využívanie mar...
Enregistré dans:
| Auteur principal: | |
|---|---|
| Format: | Chapitre de livre |
| Langue: | slovaque |
| Sujets: | |
| Tags: |
Pas de tags, Soyez le premier à ajouter un tag!
|
MARC
| LEADER | 00000nla a2200000 4500 | ||
|---|---|---|---|
| 001 | 0201656 | ||
| 005 | 20240522130610.5 | ||
| 041 | 0 | |a slo | |
| 044 | |a SK | ||
| 245 | 1 | 0 | |a Marketingový audit a jeho vplyv na výkonnosť podniku |c Dana Hrušovská |
| 520 | |a Marketingový audit - forma nezávislého skúmania marketingovej výkonnosti podnikov, ktorej cieľom je určiť problémové oblasti a marketingové príležitosti a odporučiť plán opatrení na zlepšenie marketingovej výkonnosti firmy. Vplyv marketingového auditu podniku a ukazovatele výkonnosti. Využívanie marketingového auditu v podnikoch vybraných krajín. Aplikácia marketingového auditu v praxi v Slovenskej republike a v Taliansku. | ||
| 610 | 2 | 0 | |a podnik |
| 610 | 2 | 0 | |a marketing |
| 610 | 2 | 0 | |a audit |
| 610 | 2 | 0 | |a ukazovatele výkonnosti |
| 610 | 2 | 0 | |a Slovensko |
| 610 | 2 | 0 | |a Taliansko |
| 100 | 1 | |a Hrušovská, Dana, 1964- | |